| 000 | 00502nam a2200169Ia 4500 | ||
|---|---|---|---|
| 003 | GCL | ||
| 008 | 140319s9999 xx 000 0 ara d | ||
| 040 |
_aGCL / _cGCL |
||
| 082 | 0 | 4 |
_a621.56 _bم م |
| 100 | 1 | _aمصطفى محمد السيد | |
| 245 | 1 | 0 |
_aالمعدات الاساسية لهندسة التبريد / _cمصطفى محمد السيد |
| 260 |
_a[S.N] : _bدار الفكر العربى ، _c1993 |
||
| 300 | _a412 ص | ||
| 490 | _a | ||
| 650 | 0 | 4 | _aالتبريد |
| 942 |
_2ddc _cBK |
||
| 999 |
_c54458 _d54458 |
||